Statystyki dla Czy...? #2

Kliknij tutaj aby rozwiązać quiz!

Ogólne statystyki

  • Ten quiz został rozwiązany 70 razy
  • Średni wynik to 11 z 15

Statystyki odpowiedzi

ZagadnienieOdpowiedź% Poprawnych
Czy I Wojna Światowa wybuchła w roku 1914?Tak
95%
Czy Lwów jest stolicą Ukrainy?Nie
94%
Czy Egipt ma dostęp do dwóch różnych mórz?Tak
89%
Czy Mongolia ma dostęp do morza?Nie
88%
Czy Litwa sąsiaduje z Estonią?Nie
88%
Czy rzeka Bug jest czwartą najdłuższą rzeką w Polsce?Tak
84%
Czy Białoruś ma większą powierzchnię od Polski?Nie
81%
Czy Mieszko I był pierwszym królem Polski?Nie
81%
Czy Polska kiedykolwiek posiadała jakikolwiek kawałek ziemii z terenu obecnej Estonii?Tak
78%
Czy Gruzja graniczy z Azerbejdżanem?Tak
73%
Czy Polska ma najdłuższą granicę z Niemcami?Nie
70%
Czy Charków to drugie największe miasto na Ukrainie?Tak
66%
Czy Norwegię i Koreę Północną dzieli jedno państwo?Tak
56%
Czy najbardziej zaludnione miasto w Chinach to Pekin?Nie
45%
Czy Montevideo jest bardziej wysunięte na południe niż Buenos Aires?Tak
45%

Rozkład punktacji

Percentyl według liczby udzielonych odpowiedzi

Procent ludzi z każdym wynikiem

Twoja historia wyników

Nie rozwiązałeś tego quizu